Experimental statistical designs and analysis in simulation modeling

Saved in:
Bibliographic Details
Main Author: Madu, Christian N. (Christian Ndubisi)
Other Authors: Kuei, Chu-hua
Format: Book
Language:English
Published: Westport, Connecticut : Quorum Books, 1993
Subjects:
Tags: Add Tag
No Tags, Be the first to tag this record!

MARC

LEADER 00000nam a2200000 i 4500
001 1/5951
008 000609s1993 eng d
020 |a 0-89930-695-0 
035 |l 10061764 
040 |a GR-MY-UA  |b gre  |e aacr 
041 0 |a eng 
082 0 |a 519.5 
100 1 |a Madu, Christian N.  |q (Christian Ndubisi) 
245 1 0 |a Experimental statistical designs and analysis in simulation modeling /  |c Christian N. Madu, Chu-hua Kuei 
260 |a Westport, Connecticut :   |b Quorum Books,   |c 1993 
300 |a xvi, 198 p.;  |b ill.;  |c 24 cm. 
504 |a Includes bibliographical references and index 
650 0 0 |a Commercial statistics. 
650 0 0 |a Mathematical statistics. 
650 0 0 |a Simulation methods. 
700 1 |a Kuei, Chu-hua. 
852 |a INST  |b SAMOS  |e 20000609  |h 519.5 MAD  |p 005300019620  |q 005300019620  |t BK  |y 0 
901 |a BIBL3-2000-2 
909 |a Σ  |b 078909 
922 |a 3ΕΛΗ  |b 200005  |c ΚΠΣ  |d ΠΑΠΑΣΩΤΗΡΙΟΥ 
950 |a 116-1999-12-31 
970 |a ΜΑΛΑΓΑΡΗ  |b ΦΩΤΕΙΝΗ  |z 2000/07/25